| Tag |
First Indicator |
Second Indicator |
Subfields |
| LEADER |
00000cam a2200000 4500 |
| 001 |
in00000035465 |
| 005 |
20151007060814.0 |
| 008 |
760525s1954 enka 00000 eng |
| 010 |
|
|
|a 56000607
|
| 035 |
|
|
|a (OCoLC)02194208
|
| 035 |
|
|
|9 AAD0229AM
|
| 040 |
|
|
|a DLC
|c AKR
|d TXA
|d UtOrBLW
|
| 049 |
|
|
|a TXAM
|c [241874]
|
| 050 |
0 |
0 |
|a RA781
|b .W6 1954a
|
| 082 |
0 |
|
|a 617.1
|
| 092 |
|
|
|a 796
|b W881s
|
| 100 |
1 |
|
|a Woodard, Christopher Roy,
|d 1913-
|
| 245 |
1 |
0 |
|a Sports injuries ;
|b prevention and active treatment.
|
| 264 |
|
1 |
|a London :
|b Parrish,
|c [1954]
|
| 300 |
|
|
|a 127 pages ;
|c illus. ;
|c 21 cm.
|
| 336 |
|
|
|a text
|b txt
|2 rdacontent
|
| 337 |
|
|
|a unmediated
|b n
|2 rdamedia
|
| 338 |
|
|
|a volume
|b nc
|2 rdacarrier
|
| 650 |
|
0 |
|a Sports injuries.
|
| 650 |
|
0 |
|a Physical education and training.
|
| 999 |
|
|
|a MARS
|
| 999 |
f |
f |
|s 8f5f84a8-3f1c-3e7f-bd27-239174ec566d
|i c67e3bf6-bd4c-3ad1-889d-50dc278b93b9
|t 0
|
| 952 |
f |
f |
|p ric
|a Texas A&M University
|b Rellis Campus
|c Joint Library Facility
|d Remote Storage
|t 0
|e RA781 .W6 1954a
|h Library of Congress classification
|i unmediated -- volume
|m A14801183418
|
| 998 |
f |
f |
|a RA781 .W6 1954a
|t 0
|l Remote Storage
|